000 00642nam a2200217Ii 4500
001 18591
003 CO-ViMGA
008 241108s9999||||xx |||||||||||||| ||und||
020 _a9586024326
040 _aCO-ViMGA
_bspa
_erda
_cCO-ViMGA
041 0 _aspa
082 0 4 _a523.1 H19h
100 1 _aCarl Sagan
_945353
245 1 0 _aHistoria del tiempo :
_bDel big bang a los agujeros negros
264 1 _aBogotá, Colombia : Círculo de lectores, 1989
300 _avolumen
336 _atext
_btxt
_2rdacontent
337 _aunmediated
_bn
_2rdamedia
338 _avolume
_bnc
_2rdacarrier
940 _aidficha_siabuc: 18252. -- ficha_no_siabuc:18591
999 _c39877
_d39877